000 00391nam a22001337a 4500
999 _c30728
_d30727
003 OSt
005 20180627034735.0
008 180627b ||||| |||| 00| 0 eng d
040 _aMMU
_beng
_cMMU
_dMMU
050 _aT 385 .A83 2012
245 _aAutodesk Inventor 2012 Introduction to Solid Modellin part 2/
260 _bASCENT centre for technical knowledge;
_c2012.
942 _2lcc
_cLOAN LOAN